000 00513nam a2200181Ia 4500
005 20250508150211.0
008 008 250505s9999 xx 000 0 eng d
037 _aReference
040 _aFEDL
_beng
_cFEDL
041 _aeng
_2eng
084 _a421.8, MAT
_qFEDL
100 _aMatthews Cecily C
_9755991
245 0 _aDictionary of abbreviations
260 _aLondon, UK
_bGeorge Routledge and Sons Ltd.
_c1947
300 _aviii,232p.
942 _cREF
_h421.8, MAT
999 _c1322349
_d1322349